| 000 | 00550cam a2200193 4500 | ||
|---|---|---|---|
| 001 | D1160 | ||
| 008 | 090401t1958 xxu||||| |||| 00| 0 eng d | ||
| 035 | _a(Sirsi) u62759 | ||
| 041 | _aeng | ||
| 050 | _a692.30994 | ||
| 110 |
_aAustralian Institute of Quantity Surveyors _92261 |
||
| 245 | _aStandard method of measurement of building works: draft | ||
| 260 |
_aCrows Nest, NSW _bAustralian Institute of Quantity Surveyo _c1958 |
||
| 300 | _aii. 82p. 23cm | ||
| 350 | _a0 | ||
| 520 | _aFiled at SMM 1958/2B | ||
| 942 | _n0 | ||
| 948 | _c04/03/1997 | ||
| 999 |
_c94479 _d94479 |
||